| 000 -LEADER |
| fixed length control field |
00685nam a2200205Ia 4500 |
| 001 - CONTROL NUMBER |
| control field |
12508 |
| 003 - CONTROL NUMBER IDENTIFIER |
| control field |
GE_BSU |
| 008 - FIXED-LENGTH DATA ELEMENTS--GENERAL INFORMATION |
| fixed length control field |
181216s||||||||xx |||||||||||||| ||und|| |
| 040 ## - CATALOGING SOURCE |
| Transcribing agency |
GE_BSU |
| 080 ## - UNIVERSAL DECIMAL CLASSIFICATION NUMBER |
| Universal Decimal Classification number |
636+612 |
| 245 ## - TITLE STATEMENT |
| Title |
Новое в физиологии домашних животных=Progress in the Physiology of farm Animals |
| 245 ## - TITLE STATEMENT |
| Statement of responsibility, etc. |
Под.ред. А.П.Дмитроченко, М.М Лебедева |
| 260 ## - PUBLICATION, DISTRIBUTION, ETC. |
| Place of publication, distribution, etc. |
М-Л |
| 260 ## - PUBLICATION, DISTRIBUTION, ETC. |
| Name of publisher, distributor, etc. |
Госиздат сель.-хоз.лит-ры |
| 260 ## - PUBLICATION, DISTRIBUTION, ETC. |
| Date of publication, distribution, etc. |
1958 |
| 300 ## - PHYSICAL DESCRIPTION |
| Extent |
480стр.23см.илл. |
| 300 ## - PHYSICAL DESCRIPTION |
| Accompanying material |
Таблицы |
| 653 ## - INDEX TERM--UNCONTROLLED |
| Uncontrolled term |
Новое в физиологии домашних животных |
| 942 ## - ADDED ENTRY ELEMENTS (KOHA) |
| Koha item type |
წიგნი |